[Event "Unna- Oberhausen"]
[Site "?"]
[Date "2022.09.25"]
[Round "2.6"]
[White "Hartmann, Gideon"]
[Black "Hortolani, Sven- Holger"]
[Result "0-1"]
[WhiteElo "1867"]
[BlackElo "2135"]
[PlyCount "69"]
[SourceDate "2022.10.02"]

1. e4 Nf6 2. Nc3 d5 3. exd5 Nxd5 4. d4 g6 5. Nxd5 Qxd5 6. c4 Qd8 7. Be3 Bg7 8.
h4 h5 9. Qd2 O-O 10. O-O-O b5 11. Bh6 bxc4 12. Bxg7 Kxg7 13. Bxc4 Nd7 14. Ne2
Nf6 15. f3 Qd6 16. Nc3 Rb8 17. Bb3 a5 18. Ne4 Nxe4 19. fxe4 Bg4 20. Rde1 Rb4
21. d5 Rfb8 22. Qc3+ Qf6 23. e5 Qf4+ 24. Kb1 a4 25. Rhf1 Bf5+ 26. Ka1 Qd4 27.
Qxd4 Rxd4 28. Bd1 Rxd5 29. Rf4 a3 30. b3 Rbd8 31. Bf3 Rd4 32. Rxd4 Rxd4 33. g3
Rd3 34. Rf1 Bh3 35. Rd1 0-1

[Event "Unna- Oberhausen"]
[Site "?"]
[Date "2022.09.25"]
[Round "2.7"]
[White "Barutta, Larissa"]
[Black "Volkermann, Thomas"]
[Result "1/2-1/2"]
[WhiteElo "1595"]
[BlackElo "1575"]
[PlyCount "66"]
[SourceDate "2022.10.02"]

1. d4 Nf6 2. c4 e5 3. dxe5 Ng4 4. Nf3 Nc6 5. Bf4 Bb4+ 6. Nbd2 Qe7 7. e3 Ngxe5
8. Nxe5 Nxe5 9. a3 Bxd2+ 10. Qxd2 d6 11. Be2 O-O 12. O-O b6 13. Bxe5 Qxe5 14.
Bf3 Rb8 15. Qd4 Qxd4 16. exd4 Bd7 17. Rfe1 Rfe8 18. h3 Rxe1+ 19. Rxe1 Re8 20.
Rxe8+ Bxe8 21. Kf1 Kf8 22. Ke2 Ke7 23. Ke3 Bd7 24. Kf4 f6 25. b4 Be6 26. Be2
g5+ 27. Ke3 h6 28. f4 c5 29. fxg5 fxg5 30. b5 Kf6 31. g4 Bf7 32. Ke4 Ke6 33.
d5+ Kf6 1/2-1/2

[Event "Unna- Oberhausen"]
[Site "?"]
[Date "2022.09.25"]
[Round "2.8"]
[White "Seibert, Joachim"]
[Black "Hufnagel, Markus"]
[Result "1/2-1/2"]
[WhiteElo "1611"]
[BlackElo "1688"]
[PlyCount "65"]
[SourceDate "2022.10.02"]

1. e4 c5 2. Nf3 d6 3. g3 g6 4. Bg2 Bg7 5. Nc3 Nc6 6. O-O Nf6 7. d3 O-O 8. Rb1
Rb8 9. Ne2 Be6 10. b3 b5 11. Bb2 Qc8 12. e5 dxe5 13. Nxe5 Bd5 14. f3 Nxe5 15.
Bxe5 Ra8 16. Nc3 Bc6 17. Qe1 Qd7 18. Ne4 Nxe4 19. Bxg7 Kxg7 20. fxe4 Rad8 21.
Rd1 e5 22. Kh1 f5 23. Qe3 Qe7 24. Kg1 Qe6 25. a3 f4 26. gxf4 exf4 27. Qf2 Qe5
28. b4 cxb4 29. Qxa7+ Rf7 30. Qb6 Qd4+ 31. Qxd4+ Rxd4 32. axb4 Rxb4 33. Bh3
1/2-1/2

[Event "Unna- Oberhausen"]
[Site "?"]
[Date "2022.09.25"]
[Round "2.3"]
[White "Heintze, Sven"]
[Black "Solberg- Morgner, Kirsten"]
[Result "1/2-1/2"]
[WhiteElo "1779"]
[BlackElo "1925"]
[PlyCount "73"]
[SourceDate "2022.10.02"]

1. d4 d5 2. Bf4 Nf6 3. e3 g6 4. Nc3 c6 5. Be2 Bg7 6. h4 h5 7. Nf3 Bg4 8. Ne5
Bxe2 9. Qxe2 Nfd7 10. O-O-O Nxe5 11. Bxe5 Bxe5 12. dxe5 e6 13. Ne4 Ke7 14. Ng5
Nd7 15. f4 b5 16. e4 Qa5 17. Kb1 Qb4 18. Qe3 Qc5 19. Qd2 Rhd8 20. g4 dxe4 21.
Nxe4 Qd5 22. Qb4+ c5 23. Nxc5 a5 24. Rxd5 axb4 25. Rxd7+ Rxd7 26. Nxd7 Kxd7 27.
Rd1+ Kc6 28. g5 Ra7 29. Rd4 Kc5 30. c3 bxc3 31. bxc3 Ra3 32. Kb2 Ra7 33. Kb3
Rb7 34. a3 Ra7 35. Rd8 Ra4 36. Rd4 Ra7 37. Rd8 1/2-1/2

[Event "Unna- Oberhausen"]
[Site "?"]
[Date "2022.09.25"]
[Round "2.4"]
[White "Irlaender, Walter"]
[Black "Kuckelkorn, Joerg"]
[Result "1/2-1/2"]
[WhiteElo "1782"]
[BlackElo "1820"]
[PlyCount "40"]
[SourceDate "2022.10.02"]

1. e4 c5 2. d4 cxd4 3. c3 d3 4. Bxd3 Nc6 5. f4 d5 6. e5 Nh6 7. Nf3 Bf5 8. O-O
Qb6+ 9. Kh1 e6 10. b4 a6 11. a4 Be7 12. a5 Qa7 13. Qe2 Rc8 14. Be3 Qb8 15. Nbd2
O-O 16. Nb3 Bxd3 17. Qxd3 Nf5 18. Bc5 Rfe8 19. g4 Nh6 20. h3 f6 1/2-1/2

[Event "Katernberg 4- Mengede"]
[Site "?"]
[Date "2022.09.25"]
[Round "2.2"]
[White "Berresheim, Nils"]
[Black "Delvos, Thorsten"]
[Result "0-1"]
[WhiteElo "1843"]
[BlackElo "2000"]
[PlyCount "106"]
[SourceDate "2022.10.02"]

1. d4 Nf6 2. c4 g6 3. Nc3 Bg7 4. e4 d6 5. Be2 O-O 6. Be3 e5 7. d5 c6 8. g4 cxd5
9. cxd5 Qa5 10. f3 h5 11. g5 Nfd7 12. a3 a6 13. Nh3 b5 14. b4 Qd8 15. Nf2 Nb6
16. a4 bxa4 17. Nxa4 Nxa4 18. Rxa4 f6 19. gxf6 Bxf6 20. Rg1 Kh7 21. Qa1 Bd7 22.
Ra5 Bh4 23. b5 Bc8 24. f4 Bxf2+ 25. Bxf2 Rxf4 26. Ra4 a5 27. b6 Rxf2 28. Kxf2
Qxb6+ 29. Kg2 Nd7 30. Qf1 Qd8 31. Qf7+ Kh6 32. Rf1 Nc5 33. Kh1 Qd7 34. Qg8 Qg7
35. Qxg7+ Kxg7 36. Rc4 a4 37. Bf3 Ba6 38. Rxc5 dxc5 39. Rc1 a3 40. Rxc5 a2 41.
Rc1 Be2 42. Bxe2 a1=Q 43. Rxa1 Rxa1+ 44. Kg2 Ra2 45. Kf3 g5 46. h3 Kf6 47. Bb5
Ra3+ 48. Kg2 Re3 49. Be8 h4 50. d6 Rxe4 51. d7 Ke7 52. Kf3 Rd4 53. Ke3 Rxd7 0-1

[Event "Katernberg 4- Mengede"]
[Site "?"]
[Date "2022.09.25"]
[Round "2.3"]
[White "Weinert, Christian"]
[Black "Jahrke, Jonas"]
[Result "1/2-1/2"]
[WhiteElo "1943"]
[BlackElo "1825"]
[PlyCount "50"]
[SourceDate "2022.10.02"]

1. c4 c5 2. g3 Nc6 3. Bg2 g6 4. Nc3 Bg7 5. d3 d6 6. e3 e5 7. Nge2 Nge7 8. O-O
O-O 9. h3 Rb8 10. Kh2 a6 11. a4 Be6 12. f4 f5 13. Nd5 b5 14. axb5 axb5 15. fxe5
dxe5 16. Ra6 Bxd5 17. Bxd5+ Nxd5 18. Rxc6 Nb4 19. Rxc5 Qxd3 20. cxb5 Rfd8 21.
Nc3 Qxd1 22. Rxd1 Nd3 23. Rd5 Rxd5 24. Nxd5 Nxc1 25. Rxc1 Rxb5 1/2-1/2

[Event "Katernberg 4- Mengede"]
[Site "?"]
[Date "2022.09.25"]
[Round "2.4"]
[White "Mamikonyan, Davit"]
[Black "Bork, Sophie"]
[Result "1-0"]
[WhiteElo "1840"]
[BlackElo "1828"]
[PlyCount "55"]
[SourceDate "2022.10.02"]

1. c4 e5 2. g3 Nf6 3. Bg2 c6 4. Nc3 Na6 5. a3 Be7 6. d3 O-O 7. e4 Nc7 8. b4 a5
9. Rb1 axb4 10. axb4 Ne6 11. Nge2 b6 12. O-O Bb7 13. b5 c5 14. Nd5 Nxd5 15.
exd5 Nd4 16. Nxd4 exd4 17. d6 Bxg2 18. dxe7 Qxe7 19. Kxg2 Ra2 20. Bf4 Rfa8 21.
Qf3 d6 22. Rbe1 Qd7 23. Qc6 Qxc6+ 24. bxc6 Rc8 25. Bxd6 h6 26. c7 Ra3 27. Rb1
Ra6 28. Rb5 1-0

[Event "Katernberg 4- Mengede"]
[Site "?"]
[Date "2022.09.25"]
[Round "2.5"]
[White "Kraus, Reinhard"]
[Black "Riesenbeck, Juergen"]
[Result "0-1"]
[WhiteElo "1776"]
[BlackElo "1927"]
[PlyCount "54"]
[SourceDate "2022.10.02"]

1. c4 Nf6 2. g3 g6 3. Bg2 Bg7 4. Nc3 e5 5. e4 Nc6 6. Nge2 d6 7. O-O Nd4 8. Nxd4
exd4 9. Nd5 Nd7 10. d3 c6 11. Nb4 O-O 12. Bf4 Nc5 13. Rb1 f5 14. f3 a5 15. Nc2
d5 16. cxd5 cxd5 17. Qd2 Re8 18. e5 Ne6 19. h4 Nxf4 20. gxf4 Qxh4 21. Nxd4 Bh6
22. Ne2 Rxe5 23. d4 Re8 24. Rbc1 Bd7 25. Rfe1 Bb5 26. Rc7 Bc6 27. Kf1 Qd8 0-1

[Event "Katernberg 4- Mengede"]
[Site "?"]
[Date "2022.09.25"]
[Round "2.6"]
[White "Sikorski, Thomas"]
[Black "Echargui, Amin"]
[Result "0-1"]
[WhiteElo "1693"]
[BlackElo "1776"]
[PlyCount "78"]
[SourceDate "2022.10.02"]

1. c4 c6 2. Nf3 d5 3. cxd5 cxd5 4. d4 Nf6 5. Nc3 Nc6 6. e3 e6 7. Bb5 Bd7 8. O-O
Bd6 9. Re1 O-O 10. e4 dxe4 11. Nxe4 Nxe4 12. Rxe4 Ne7 13. Qa4 Nc6 14. Ne5 Bxe5
15. dxe5 a6 16. Be2 Nxe5 17. Qd4 Ng6 18. Bg5 Qxg5 19. Qxd7 b5 20. Qd4 f5 21. f4
Qe7 22. Re3 Rad8 23. Qc3 Nxf4 24. Bf3 Qa7 25. Kf1 Nd5 26. Bxd5 exd5 27. Rd1 Kh8
28. Red3 Rc8 29. Qd2 f4 30. Rxd5 f3 31. g3 f2 32. Qd4 Qb7 33. Rd2 Rc1+ 34. Rd1
Rxd1+ 35. Qxd1 Qc6 36. b3 Qe6 37. g4 Qe4 38. Rf5 Qh1+ 39. Ke2 Qxd1+ 0-1

[Event "Katernberg 4- Mengede"]
[Site "?"]
[Date "2022.09.25"]
[Round "2.7"]
[White "Ropel, Dennis"]
[Black "Wolff, Michael"]
[Result "1/2-1/2"]
[WhiteElo "1743"]
[BlackElo "1700"]
[PlyCount "85"]
[SourceDate "2022.10.02"]

1. d4 Nf6 2. Nf3 c5 3. d5 g6 4. c4 b5 5. cxb5 a6 6. bxa6 Bxa6 7. g3 Bg7 8. Nc3
d6 9. Bg2 O-O 10. O-O Nbd7 11. Re1 Nb6 12. e4 Nfd7 13. Bf4 Nc4 14. Qc2 Qa5 15.
Rec1 Rfb8 16. Rab1 Qb4 17. Bh3 Nde5 18. Bxe5 dxe5 19. Bf1 Nd6 20. Bxa6 Rxa6 21.
a3 Qa5 22. Nd2 c4 23. Ne2 Bh6 24. f4 Qb6+ 25. Kg2 exf4 26. gxf4 Qe3 27. Nxc4
Nxc4 28. Qxc4 Rab6 29. Rc3 Qd2 30. Rc2 Qe3 31. e5 Rb3 32. Rc3 Rxc3 33. Nxc3
Bxf4 34. Qe4 Qxe4+ 35. Nxe4 Bxe5 36. b4 Rd8 37. Rd1 Ra8 38. Rd3 Bb2 39. Rb3
Bxa3 40. d6 exd6 41. Nxd6 Bc1 42. b5 Bf4 43. Nc4 1/2-1/2

[Event "Katernberg 4- Mengede"]
[Site "?"]
[Date "2022.09.25"]
[Round "2.8"]
[White "Fattah, Samir"]
[Black "Schmidt, Jonas"]
[Result "0-1"]
[WhiteElo "1810"]
[BlackElo "1728"]
[PlyCount "66"]
[SourceDate "2022.10.02"]

1. e4 c6 2. d4 d5 3. exd5 cxd5 4. Nf3 Nc6 5. c3 Nf6 6. Bd3 Bg4 7. h3 Bh5 8.
Nbd2 e6 9. Qa4 Bd6 10. Ne5 Qc7 11. f4 O-O 12. O-O Nd7 13. g4 Bg6 14. Bxg6 fxg6
15. Ndf3 Ncxe5 16. fxe5 Be7 17. Be3 Nb6 18. Qd1 Nc4 19. Bc1 b5 20. Qd3 a6 21.
b3 Na5 22. Bd2 Nc6 23. Kg2 b4 24. cxb4 Nxb4 25. Bxb4 Bxb4 26. Rac1 Qd7 27. Rc2
a5 28. Rfc1 Rac8 29. Rxc8 Rxc8 30. Rc2 Rc6 31. Kg3 Qc7 32. Qb5 Rxc2 33. Qe8+
Bf8 0-1

[Event "Sodingen 2- Winz Baak"]
[Site "?"]
[Date "2022.09.25"]
[Round "2.1"]
[White "Boetzel, Martin"]
[Black "Reinholz, Benjamin"]
[Result "0-1"]
[WhiteElo "1920"]
[BlackElo "1938"]
[PlyCount "54"]
[SourceDate "2022.10.02"]

1. d4 d5 2. Nf3 Nf6 3. Bf4 Bf5 4. e3 e6 5. c4 Bxb1 6. Rxb1 Bb4+ 7. Ke2 Bd6 8.
Bg3 dxc4 9. Qa4+ Nbd7 10. Qxc4 O-O 11. Bxd6 cxd6 12. g3 Qa5 13. Kd1 Qf5 14. Nd2
Rfc8 15. Qe2 Ne4 16. g4 Nxf2+ 17. Ke1 Nxg4 18. h3 Ngf6 19. Bg2 Rc7 20. e4 Qg5
21. Bf3 Qh4+ 22. Kf1 Rac8 23. Kg2 Rc2 24. Rhd1 e5 25. d5 Nc5 26. Bg4 Rc7 27.
Kf1 Nfxe4 0-1

[Event "Sodingen 2- Winz Baak"]
[Site "?"]
[Date "2022.09.25"]
[Round "2.2"]
[White "Haberhausen, Ansgar"]
[Black "Haupt, Horst"]
[Result "1-0"]
[WhiteElo "2136"]
[BlackElo "1706"]
[PlyCount "75"]
[SourceDate "2022.10.02"]

1. d4 d5 2. Nf3 Nf6 3. Bf4 e6 4. e3 Be7 5. c4 Nbd7 6. Nc3 a6 7. Rc1 c6 8. h3
O-O 9. Bd3 Re8 10. O-O Nf8 11. c5 Ng6 12. Bh2 Nd7 13. Bxg6 hxg6 14. Qc2 Bf6 15.
e4 dxe4 16. Nxe4 Be7 17. Bd6 Nf6 18. Bxe7 Rxe7 19. Nd6 Ne8 20. Nxe8 Rxe8 21.
Rcd1 Qd5 22. a3 Re7 23. Rfe1 Qf5 24. Qd2 f6 25. Qb4 Qd5 26. Nd2 Qd8 27. Nc4 Rb8
28. Qc3 Qf8 29. Qg3 Bd7 30. Qxg6 Rd8 31. Nd6 Be8 32. Qg3 g6 33. Re3 Kg7 34.
Rde1 Bf7 35. Nf5+ exf5 36. Rxe7 Rxd4 37. Rxb7 Qxc5 38. Ree7 1-0

[Event "Sodingen 2- Winz Baak"]
[Site "?"]
[Date "2022.09.25"]
[Round "2.3"]
[White "Groß, Michael"]
[Black "Plotkin, Alexander"]
[Result "0-1"]
[WhiteElo "1691"]
[BlackElo "1596"]
[PlyCount "70"]
[SourceDate "2022.10.02"]

1. e4 e5 2. d4 exd4 3. c3 dxc3 4. Nxc3 Bb4 5. Bc4 Qe7 6. Qb3 Nc6 7. Bd3 f5 8.
f3 fxe4 9. fxe4 Ne5 10. Bb1 Qc5 11. Bf4 Ng4 12. Qc2 Bxc3+ 13. bxc3 N8f6 14. Qd2
O-O 15. h3 Nf2 16. Be3 Qe5 17. Bd4 N6xe4 18. Bxe5 Nxd2 19. Kxd2 Nxh1 20. Nf3 d6
21. Bh2 Bxh3 22. Bxh7+ Kxh7 23. Ng5+ Kg6 24. Nxh3 Nf2 25. Nf4+ Kh7 26. Ke2 g5
27. Kxf2 gxf4 28. Kf3 Rf5 29. Bxf4 Raf8 30. Rh1+ Kg6 31. Rh6+ Kg7 32. Rh4 R8f6
33. Ke4 Ra5 34. Be3 Ra4+ 35. Bd4 c5 0-1

[Event "Sodingen 2- Winz Baak"]
[Site "?"]
[Date "2022.09.25"]
[Round "2.4"]
[White "Schriewer, Thomas"]
[Black "Franke, Wolfgang"]
[Result "1-0"]
[WhiteElo "1957"]
[BlackElo "1809"]
[PlyCount "91"]
[SourceDate "2022.10.02"]

1. Nf3 e5 2. Nxe5 d5 3. d4 Bd6 4. c4 f6 5. Nf3 dxc4 6. Qa4+ c6 7. Qxc4 Qe7 8.
e3 Nd7 9. Nbd2 Nb6 10. Qc2 Nh6 11. Nc4 Nxc4 12. Bxc4 Bg4 13. Bd2 Nf7 14. h3
Bxf3 15. gxf3 O-O 16. h4 c5 17. dxc5 Bxc5 18. Ke2 Rac8 19. Rac1 Rc7 20. Qe4
Rfc8 21. Qxe7 Bxe7 22. Be6 Rxc1 23. Rxc1 Rxc1 24. Bxc1 g5 25. hxg5 fxg5 26. e4
Kg7 27. f4 Nd8 28. Bg4 gxf4 29. Bxf4 Nc6 30. Ke3 Bf6 31. b3 Bd4+ 32. Ke2 Be5
33. Be3 Bd4 34. Bxd4+ Nxd4+ 35. Kd3 Nc6 36. f4 Nb4+ 37. Kd4 Nxa2 38. e5 Kf7 39.
Kd5 Ke7 40. f5 Nc3+ 41. Kd4 Nb5+ 42. Kc5 a6 43. f6+ Ke8 44. e6 b6+ 45. Kxb6 Nd4
46. Bh5+ 1-0

[Event "Sodingen 2- Winz Baak"]
[Site "?"]
[Date "2022.09.25"]
[Round "2.5"]
[White "Kotzem, Ernst"]
[Black "Balke, Reiner"]
[Result "1/2-1/2"]
[WhiteElo "2025"]
[BlackElo "1856"]
[PlyCount "43"]
[SourceDate "2022.10.02"]

1. e4 e5 2. Nf3 Nc6 3. Bc4 h6 4. d4 exd4 5. Nxd4 d6 6. O-O Nxd4 7. Qxd4 Be6 8.
Be2 Nf6 9. f4 Be7 10. f5 Bd7 11. Nc3 a6 12. Bf4 h5 13. Bf3 Rb8 14. Rae1 Kf8 15.
Qd3 Bc6 16. Rd1 Nd7 17. Qe2 Bg5 18. Qe3 Bxf4 19. Qxf4 Ne5 20. Be2 Qf6 21. Bd3
Re8 22. Kh1 1/2-1/2

[Event "Sodingen 2- Winz Baak"]
[Site "?"]
[Date "2022.09.25"]
[Round "2.6"]
[White "Lucke, Thomas"]
[Black "Wesener, Rainer"]
[Result "1/2-1/2"]
[WhiteElo "1890"]
[BlackElo "1690"]
[PlyCount "62"]
[SourceDate "2022.10.02"]

1. d4 f5 2. e4 fxe4 3. Nc3 Nf6 4. Bg5 c6 5. f3 Qa5 6. Qd2 d5 7. fxe4 dxe4 8.
Nxe4 Qxd2+ 9. Nxd2 Bf5 10. c3 Nbd7 11. Ngf3 h6 12. Be3 Nd5 13. Kf2 Nxe3 14.
Kxe3 g5 15. Bd3 Bxd3 16. Kxd3 Bg7 17. Rae1 Bf6 18. Nc4 O-O-O 19. Nce5 Nxe5+ 20.
Nxe5 Rh7 21. Rhf1 c5 22. Ke4 cxd4 23. cxd4 Kb8 24. Rc1 a6 25. a4 Rd6 26. b4 Rg7
27. b5 Rg8 28. bxa6 Bxe5 29. Kxe5 Rxa6 30. Rc4 Rd8 31. Rf7 Rd7 1/2-1/2

[Event "Sodingen 2- Winz Baak"]
[Site "?"]
[Date "2022.09.25"]
[Round "2.7"]
[White "Kyeck, Siegfried"]
[Black "Zygan, Michael"]
[Result "1/2-1/2"]
[WhiteElo "1558"]
[BlackElo "1760"]
[PlyCount "23"]
[SourceDate "2022.10.02"]

1. e4 c6 2. d4 d5 3. exd5 cxd5 4. Nf3 Nf6 5. Be2 Bg4 6. Nbd2 e6 7. Ne5 Bxe2 8.
Qxe2 Nc6 9. Nef3 Rc8 10. c3 Bd6 11. h3 O-O 12. O-O 1/2-1/2

[Event "Sodingen 2- Winz Baak"]
[Site "?"]
[Date "2022.09.25"]
[Round "2.8"]
[White "Baumeister, Christoph"]
[Black "Wesener, Joern"]
[Result "1-0"]
[WhiteElo "1933"]
[BlackElo "1334"]
[PlyCount "79"]
[SourceDate "2022.10.02"]

1. e4 e5 2. Nf3 Nc6 3. Bb5 a6 4. Ba4 b5 5. Bb3 d6 6. h3 Nf6 7. Qe2 Be7 8. O-O
O-O 9. c3 Be6 10. Bxe6 fxe6 11. d4 exd4 12. cxd4 d5 13. e5 Ne4 14. Nbd2 Ng5 15.
Nxg5 Nxd4 16. Qd3 Bxg5 17. Qxd4 Be7 18. Nf3 c5 19. Qg4 Rf5 20. Bh6 Qf8 21. Rfe1
Qf7 22. Rac1 Rf8 23. Be3 c4 24. Re2 Rc8 25. Rd1 Bd8 26. Qg3 Bc7 27. Bd4 Rf6 28.
Nh4 Qh5 29. Rde1 Rcf8 30. Qg4 Qxg4 31. hxg4 Rf4 32. Bc5 R8f7 33. g3 Rxg4 34.
Re3 Bd8 35. Ng2 d4 36. Re4 Rxe4 37. Rxe4 d3 38. Rd4 Rf3 39. Nf4 g5 40. Rxd8+
1-0

[Event "Kamen 2- Bochum 2"]
[Site "?"]
[Date "2022.09.25"]
[Round "2.1"]
[White "Butschek, Marc"]
[Black "Rumpf, Thomas"]
[Result "1-0"]
[WhiteElo "1947"]
[BlackElo "2036"]
[PlyCount "35"]
[SourceDate "2022.10.02"]

1. e4 e5 2. Bc4 Nc6 3. Nf3 Nf6 4. d4 exd4 5. O-O Nxe4 6. Re1 d5 7. Bxd5 Qxd5 8.
Nc3 Qh5 9. Nxe4 Be6 10. Neg5 O-O-O 11. Nxe6 fxe6 12. Rxe6 Bd6 13. Qe2 d3 14.
cxd3 Nd4 15. Qe3 Nc2 16. Qxa7 Nxa1 17. Bf4 Bxf4 18. Re7 1-0

[Event "Kamen 2- Bochum 2"]
[Site "?"]
[Date "2022.09.25"]
[Round "2.2"]
[White "Spaeh, Jan lukas"]
[Black "Stachnik, Adam"]
[Result "1-0"]
[WhiteElo "1953"]
[BlackElo "1844"]
[Annotator "daniel"]
[PlyCount "33"]
[SourceDate "2022.10.02"]

1. d4 Nf6 2. Nc3 e6 3. Bf4 c5 4. e3 a6 5. g4 h6 6. Qf3 d5 7. h4 cxd4 8. exd4
Bb4 9. Bd3 Qa5 $11 10. Nge2 Nc6 11. g5 hxg5 12. hxg5 Rxh1+ 13. Qxh1 Nd7 14.
Qh8+ Bf8 15. g6 Nf6 16. Bh6 Nh5 17. Bg5 1-0

[Event "Kamen 2- Bochum 2"]
[Site "?"]
[Date "2022.09.25"]
[Round "2.3"]
[White "Hofmann, Benjamin"]
[Black "Koch, Marcel"]
[Result "1-0"]
[WhiteElo "1888"]
[BlackElo "1863"]
[PlyCount "35"]
[SourceDate "2022.10.02"]

1. e4 d5 2. exd5 Qxd5 3. d4 Nc6 4. Nf3 Bg4 5. Be2 O-O-O 6. c4 Qh5 7. Be3 Nf6 8.
Nc3 e6 9. Qa4 Bb4 10. a3 Bxc3+ 11. bxc3 Qa5 12. Qb3 Ne4 13. Rc1 Bxf3 14. Bxf3
Nxd4 15. Bxd4 Rxd4 16. O-O Nd2 17. Qxb7+ Kd7 18. cxd4 1-0

[Event "Kamen 2- Bochum 2"]
[Site "?"]
[Date "2022.09.25"]
[Round "2.4"]
[White "Riemer, Dominik"]
[Black "Walny, Benjamin"]
[Result "0-1"]
[WhiteElo "1786"]
[BlackElo "1793"]
[PlyCount "44"]
[SourceDate "2022.10.02"]

1. Nf3 c6 2. d4 d5 3. Bf4 Bg4 4. Ne5 Bh5 5. g4 Bg6 6. e3 Nd7 7. Bd3 Nxe5 8.
dxe5 e6 9. h4 Qb6 10. b3 O-O-O 11. Bxg6 hxg6 12. c3 Be7 13. Bg3 Nh6 14. Qe2 c5
15. Nd2 Qa5 16. O-O Qxc3 17. Rfc1 Qb4 18. a3 Qxg4 19. Qe1 Nf5 20. e4 Nxh4 21.
Rc3 Qh3 22. Qf1 Nf3+ 0-1

[Event "Kamen 2- Bochum 2"]
[Site "?"]
[Date "2022.09.25"]
[Round "2.5"]
[White "Gausmann, Thomas"]
[Black "Rotter, Chris"]
[Result "1/2-1/2"]
[WhiteElo "1741"]
[BlackElo "1726"]
[Annotator "daniel"]
[PlyCount "83"]
[SourceDate "2022.10.02"]

1. e4 e6 2. d4 d5 3. exd5 exd5 4. Nf3 Bd6 5. c4 c6 6. Nc3 Nf6 7. Bd3 O-O 8. O-O
Bg4 9. h3 Bh5 10. Re1 Qc7 11. cxd5 Nxd5 12. Nxd5 cxd5 13. Bxh7+ Kh8 14. Bd3 Nc6
15. Be3 Bf4 16. Qd2 Bxe3 17. Qxe3 Bxf3 18. Qxf3 g6 19. Qxd5 Rad8 20. Qc5 Qd6
21. Be4 Qxd4 22. Qxd4+ Nxd4 23. Bxb7 Nc2 24. b3 Nxe1 25. Rxe1 Rd2 26. a4 Rd3
27. Re7 $11 a5 28. Bc6 Rxb3 29. Ra7 Rb1+ 30. Kh2 Rb2 31. Kg3 Rc8 32. Ra8 Rxa8
33. Bxa8 Rc2 34. Bd5 Kg7 35. f4 Rc5 36. Bf3 Rc3 37. Kg4 Kh6 38. Be2 f5+ 39. Kh4
Rc2 40. Bd3 Rd2 41. g4 Rxd3 42. g5+ 1/2-1/2

[Event "Kamen 2- Bochum 2"]
[Site "?"]
[Date "2022.09.25"]
[Round "2.6"]
[White "Bui, Hoan Tam"]
[Black "Butschek, Gerhard"]
[Result "1-0"]
[WhiteElo "1675"]
[BlackElo "1664"]
[PlyCount "37"]
[SourceDate "2022.10.02"]

1. e4 b6 2. d4 Bb7 3. Nc3 Nf6 4. Bd3 e6 5. Nf3 h6 6. O-O Be7 7. Re1 O-O 8. e5
Nd5 9. Ne4 f5 10. exf6 Nxf6 11. Nxf6+ Bxf6 12. Ne5 Bxe5 13. Rxe5 Qf6 14. Be3 g5
15. Qh5 Rf7 16. h4 d6 17. hxg5 hxg5 18. Rxg5+ Kf8 19. Rg6 1-0

[Event "Kamen 2- Bochum 2"]
[Site "?"]
[Date "2022.09.25"]
[Round "2.7"]
[White "Bruegmann, Cedric"]
[Black "Markert, Dirk"]
[Result "0-1"]
[WhiteElo "1619"]
[BlackElo "1837"]
[PlyCount "94"]
[SourceDate "2022.10.02"]

1. e4 e6 2. d4 d5 3. Nc3 Bb4 4. exd5 exd5 5. Bd3 Ne7 6. Nge2 Nbc6 7. a3 Bd6 8.
Nb5 Bf5 9. Nxd6+ Qxd6 10. Bf4 Qf6 11. O-O O-O 12. c3 Bxd3 13. Qxd3 Rac8 14. Bd2
Ng6 15. Qg3 Rfe8 16. Rae1 Na5 17. Nf4 c6 18. Nd3 Nc4 19. Bc1 b6 20. b3 Na5 21.
Bg5 Qf5 22. b4 Nc4 23. Bc1 h6 24. a4 a5 25. h4 Kh7 26. Rxe8 Rxe8 27. Re1 Rxe1+
28. Nxe1 Qb1 29. Nd3 Nxh4 30. Kh2 Ng6 31. Bf4 Qd1 32. bxa5 bxa5 33. Nc5 Qh5+
34. Kg1 Qf5 35. Bc7 Nd2 36. Qd3 Qg5 37. Qe3 Qxe3 38. fxe3 Nc4 39. Nb7 Nb2 40.
Nxa5 Nxa4 41. Nxc6 Nxc3 42. Kf2 Kg8 43. g3 Kf8 44. Ba5 Ne4+ 45. Kf3 Ke8 46. Nb4
Nd2+ 47. Kg4 Nc4 0-1

[Event "Altenessen- Osterfeld"]
[Site "?"]
[Date "2022.09.25"]
[Round "2.1"]
[White "Laudage, Bernd"]
[Black "Praß, Marian"]
[Result "1/2-1/2"]
[WhiteElo "1992"]
[BlackElo "1997"]
[PlyCount "25"]
[SourceDate "2022.10.02"]

1. e4 e5 2. Nf3 Nc6 3. d3 Nf6 4. Be2 d5 5. Nbd2 Be7 6. c3 O-O 7. Qc2 a5 8. Nf1
Re8 9. Ng3 h6 10. O-O Bc5 11. Bd2 a4 12. Rad1 Bf8 13. Bc1 1/2-1/2

[Event "Altenessen- Osterfeld"]
[Site "?"]
[Date "2022.09.25"]
[Round "2.2"]
[White "Rohloff, Markus"]
[Black "Heisterkamp, Oliver"]
[Result "1/2-1/2"]
[WhiteElo "1880"]
[BlackElo "1938"]
[PlyCount "63"]
[SourceDate "2022.10.02"]

1. e4 d5 2. exd5 Qxd5 3. Nc3 Qd6 4. d4 Nf6 5. Bc4 a6 6. Nge2 Bg4 7. f3 Bh5 8.
Bf4 Qb6 9. Qd2 c6 10. g4 Bg6 11. g5 Nh5 12. O-O-O e6 13. d5 cxd5 14. Bxd5 Nxf4
15. Nxf4 Be7 16. Bxe6 fxe6 17. Nxe6 Qxe6 18. Rhe1 Qxe1 19. Rxe1 Nc6 20. Nd5
O-O-O 21. Rxe7 Nxe7 22. Nxe7+ Kb8 23. Qb4 Ka8 24. Nxg6 hxg6 25. Qf4 Rhf8 26.
Qg3 Rd5 27. b3 Rdf5 28. h4 Rxf3 29. Qd6 R8f4 30. Qxg6 Rxh4 31. Qxg7 Rg4 32. g6
1/2-1/2

[Event "Altenessen- Osterfeld"]
[Site "?"]
[Date "2022.09.25"]
[Round "2.4"]
[White "Cavasin, Joerg"]
[Black "Fiori, Bruno"]
[Result "1/2-1/2"]
[WhiteElo "1885"]
[BlackElo "1888"]
[PlyCount "69"]
[SourceDate "2022.10.02"]

1. c4 c5 2. Nc3 Nc6 3. g3 g6 4. Bg2 Bg7 5. e3 d6 6. Nge2 Nf6 7. h3 O-O 8. d4
cxd4 9. exd4 h6 10. O-O Bd7 11. Be3 Rb8 12. Rc1 a6 13. a4 Qa5 14. b3 Nb4 15.
Kh2 Qh5 16. f3 g5 17. Qd2 a5 18. Rh1 d5 19. Kg1 Qg6 20. Kh2 Bf5 21. Na2 Nc6 22.
Rhd1 Rfd8 23. g4 Be6 24. c5 Nh7 25. Nac3 f5 26. Qc2 Qf7 27. Nb5 Rd7 28. Bd2 f4
29. Bf1 Bf6 30. Bc3 Nf8 31. Re1 h5 32. Ng1 Qg7 33. Rcd1 Bf7 34. Bd3 hxg4 35.
fxg4 1/2-1/2

[Event "Altenessen- Osterfeld"]
[Site "?"]
[Date "2022.09.25"]
[Round "2.5"]
[White "Bensch, Arnold"]
[Black "Avgustin, Thomas"]
[Result "1-0"]
[WhiteElo "1752"]
[BlackElo "1738"]
[PlyCount "57"]
[SourceDate "2022.10.02"]

1. e4 c5 2. Nf3 d6 3. d4 cxd4 4. Nxd4 a6 5. c4 g6 6. Be2 Bg7 7. Be3 Nf6 8. Nc3
Nbd7 9. Qd2 Qc7 10. Rc1 b6 11. b3 Bb7 12. f3 h5 13. O-O Rd8 14. Bd3 Ne5 15. Bb1
e6 16. Qf2 Bh6 17. Bxh6 Rxh6 18. Qd2 Rh8 19. f4 Nc6 20. Nf3 Ne7 21. Kh1 e5 22.
Nd5 Nfxd5 23. cxd5 Qb8 24. fxe5 dxe5 25. Ng5 f5 26. Ne6 Rd6 27. Qc3 Rd7 28.
Nc7+ Rxc7 29. Qxc7 1-0

[Event "Altenessen- Osterfeld"]
[Site "?"]
[Date "2022.09.25"]
[Round "2.6"]
[White "Drawe, Thomas"]
[Black "Gebauer, Reinhard"]
[Result "0-1"]
[WhiteElo "1808"]
[BlackElo "1721"]
[PlyCount "64"]
[SourceDate "2022.10.02"]

1. c4 d6 2. g3 e5 3. Bg2 c6 4. Nc3 Nf6 5. d4 Nbd7 6. e3 Qc7 7. Nge2 Be7 8. O-O
O-O 9. Bd2 Re8 10. Rc1 Nf8 11. b4 Be6 12. d5 Bd7 13. Qb3 Ng6 14. Rfd1 Bf8 15.
Na4 c5 16. bxc5 dxc5 17. Nac3 Bd6 18. h3 b6 19. Kh2 h5 20. Ne4 Nxe4 21. Bxe4 f5
22. Bf3 h4 23. Bh5 Kh7 24. Rg1 hxg3+ 25. Nxg3 e4 26. Kh1 Nh4 27. Qd1 Re7 28.
Bg6+ Nxg6 29. Qh5+ Kg8 30. Qxg6 Be5 31. Nxf5 Bxf5 32. Qxf5 Rf8 0-1